000 00780nam a22002297a 4500
999 _c18886
_d18886
003 AR-CdUCM
008 190515b ||||| |||| 00| 0 spa d
020 _a9972-9119-0-X
040 _aMUNICIPALIDAD PROVINCIAL DEL CUSCO
_cBIBLIOTECA MUNICIPAL DEL CUSCO
082 _a537.20 /
_bL55
100 _aLeyva Naveros, Humberto
_939788
245 _aElectrostática y magnetismo /
260 _aLima :
_bMoshera,
_c1993.
300 _a715 paginas ;
_c20 cm.
505 _aContenido :Carga eléctrica --Fuerza eléctrica --Campo electrico --Potencial eléctrico ...
650 _aElectromagnetismo
_939789
650 _aProblemas, ejercicios, etc.
_925134
650 _aElectrostática
_939790
650 _aMagnetismo
_919341
942 _2ddc
_cLIBROS
945 _arjall
_d2019-05-15